Vie de Rossini (Record no. 170219)

MARC details
000 -LEADER
campo de control de longitud fija 00963nam a2200253 i 4500
001 - NÚMERO DE CONTROL
campo de control 170219
003 - IDENTIFICADOR DE NÚMERO DE CONTROL
campo de control ES-MaACL
005 - FECHA Y HORA DE LA ÚLTIMA TRANSACCIÓN
campo de control 20240524063011.0
008 - DATOS DE LONGITUD FIJA--INFORMACIÓN GENERAL
campo de control de longitud fija 090212s1923 fr |||| | fre d
080 ## - NÚMERO DE LA CLASIFICACIÓN DECIMAL UNIVERSAL
Número de la Clasificación Decimal Universal 929 Rossini, Gioachino
080 ## - NÚMERO DE LA CLASIFICACIÓN DECIMAL UNIVERSAL
Número de la Clasificación Decimal Universal 78 Rossini, Gioachino
100 0# - ENTRADA PRINCIPAL--NOMBRE DE PERSONA
Nombre de persona Stendhal,
Fechas asociadas al nombre 1783-1842
9 (RLIN) 108086
245 10 - MENCIÓN DEL TÍTULO
Título Vie de Rossini
Resto del título ; suivie des Notes d'un dilettante /
Mención de responsabilidad, etc. Stendhal ; texte établi et annoté, avec préface et avant-propos, par Henry Prunières.
246 15 - FORMA VARIANTE DEL TITULO
Título propio/Titulo breve Oeuvres complètes de Stendhal / publiées sous la direction de Paul Arbelet et Édouard Champion
260 ## - PUBLICACIÓN, DISTRIBUCIÓN, ETC.
Lugar de publicación, distribución, etc. Paris :
Nombre del editor, distribuidor, etc. Ancienne Honoré Champion,
Fecha de publicación, distribución, etc. 1923.
300 ## - DESCRIPCIÓN FÍSICA
Extensión 2 v. ;
Dimensiones 23 cm.
500 ## - NOTA GENERAL
Nota general Índices.
599 ## - NOTA A LAS ILUSTRACIONES
NOTA A LAS ILUSTRACIONES Facs. de port. de 1824 en t. I.
599 ## - NOTA A LAS ILUSTRACIONES
NOTA A LAS ILUSTRACIONES Retr. de Rossini en t. II.
700 1# - ENTRADA AGREGADA--NOMBRE PERSONAL
Nombre de persona Prunières, Henry.
9 (RLIN) 139433
740 0# - ENTRADA AGREGADA--TÍTULO RELACIONADO/ANALÍTICO NO CONTROLADO
Título relacionado o analítico no controlado Notes d'un dilettante.
852 4# - LOCALIZACIÓN
Ubicación ES-MaACL
Número de control de estantería E-12449-50
itemnumber R.140627
Holdings
Estatus retirado Estado de pérdida Estado de daño No para préstamo Biblioteca de origen Biblioteca actual Ubicación en estantería Fecha de adquisición Fuente de adquisición Total de préstamos Signatura topográfica completa Código de barras Visto por última vez Precio de reemplazo Tipo de ítem Koha
        Biblioteca del Ateneo de Madrid Biblioteca del Ateneo de Madrid Depósito 2 12/02/2009     E-12449-50 1178706 23/02/2023 23/02/2023 Libro impreso